| 000 | 00524nam a22001697a 4500 | ||
|---|---|---|---|
| 005 | 20251108175210.0 | ||
| 008 | 250721s1985 xx 000 0 ara d | ||
| 082 | 1 | 4 | _a401/قاس |
| 100 | 1 | _aالقاسمي، علي | |
| 245 | 1 | 0 | _aالمصطلحية مقدمة في علم المصطلح / |
| 264 | 1 |
_aبغداد _ العراق : _bدائرة الشؤون الثقافية والنشر، _c1985. |
|
| 300 | _a265ص. | ||
| 650 | 1 | 7 | _aالمصطلحات |
| 650 | 1 | 7 | _aالعلوم |
| 942 |
_2ddc _cBK |
||
| 999 |
_c128478 _d128478 |
||